Combien de ville de Pays de la Loire connais-tu ? - Statistiques

Statistiques générales
  • Ce quiz a été pris 9 fois
  • Le résultat moyen est 50 sur 1233
Statistiques - réponses
Population Département Ville % Correct
159103 49 Angers
100%
147983 72 Le Mans
100%
325857 44 Nantes
100%
73643 44 Saint-Nazaire
88%
58168 85 La Roche-sur-Yon
75%
52169 53 Laval
75%
27112 49 Saumur
75%
56286 49 Cholet
63%
16165 72 La Flèche
50%
48401 85 Les Sables-d'Olonne
50%
12594 72 Sablé-sur-Sarthe
50%
11479 44 Ancenis-Saint-Géréon
38%
5635 49 Beaucouzé
38%
24167 49 Beaupréau-en-Mauges
38%
7752 44 Clisson
38%
17340 44 Pornic
38%
12159 44 Pornichet
38%
43756 44 Rezé
38%
49801 44 Saint-Herblain
38%
28639 44 Saint-Sébastien-sur-Loire
38%
15241 49 Trélazé
38%
9659 44 Basse-Goulaine
25%
2894 44 Batz-sur-Mer
25%
6897 49 Bouchemaine
25%
2870 49 Candé
25%
20963 44 Carquefou
25%
22690 85 Challans
25%
12474 44 Châteaubriant
25%
17535 53 Château-Gontier-sur-Mayenne
25%
16612 44 Guérande
25%
6110 44 Haute-Goulaine
25%
2747 49 Ingrandes-Le Fresne sur Loire
25%
16706 44 La Baule-Escoublac
25%
20420 44 La Chapelle-sur-Erdre
25%
4170 44 Le Croisic
25%
13123 49 Les Ponts-de-Cé
25%
903 49 Loiré
25%
1620 85 Maché
25%
7859 44 Machecoul-Saint-Même
25%
5252 72 Mamers
25%
13495 53 Mayenne
25%
4823 44 Mésanger
25%
9396 44 Nort-sur-Erdre
25%
28136 44 Orvault
25%
3119 44 Paimbœuf
25%
2418 44 Piriac-sur-Mer
25%
14809 44 Saint-Brevin-les-Pins
25%
15680 44 Sainte-Luce-sur-Loire
25%
3746 49 Saint-Georges-sur-Loire
25%
5385 44 Saint-Michel-Chef-Chef
25%
3346 44 Saint-Nicolas-de-Redon
25%
9409 44 Saint-Philbert-de-Grand-Lieu
25%
9476 44 Savenay
25%
1919 44 Touvois
25%
8181 44 Trignac
25%
9631 44 Vallet
25%
26449 44 Vertou
25%
4199 44 Aigrefeuille-sur-Maine
13%
10270 85 Aizenay
13%
11207 72 Allonnes
13%
2996 49 Allonnes
13%
946 49 Angrie
13%
1880 85 Apremont
13%
1918 44 Assérac
13%
2500 44 Avessac
13%
15118 49 Avrillé
13%
1442 85 Avrillé
13%
11978 49 Baugé-en-Anjou
13%
1106 53 Bazougers
13%
6320 85 Bellevigny
13%
3290 44 Besné
13%
10261 44 Blain
13%
8241 44 Bouaye
13%
1055 44 Bouée
13%
20748 44 Bouguenais
13%
2772 44 Boussay
13%
3126 44 Bouvron
13%
11179 49 Brissac Loire Aubance
13%
4016 44 Campbon
13%
2521 44 Casson
13%
6649 49 Chalonnes-sur-Loire
13%
3757 72 Champagné
13%
1886 49 Champtocé-sur-Loire
13%
6743 72 Changé
13%
6475 53 Changé
13%
8927 85 Chantonnay
13%
3343 44 Château-Thébaud
13%
7158 44 Chaumes-en-Retz
13%
3012 44 Chauvé
13%
1160 44 Cheix-en-Retz
13%
21811 49 Chemillé-en-Anjou
13%
1111 44 Conquereuil
13%
3113 44 Corcoué-sur-Logne
13%
3846 44 Cordemais
13%
2712 44 Corsept
13%
2592 44 Couffé
13%
8076 72 Coulaines
13%
3030 44 Crossac
13%
1434 49 Denée
13%
3939 44 Derval
13%
7162 44 Divatte-sur-Loire
13%
8191 44 Donges
13%
11472 49 Doué-en-Anjou
13%
2325 44 Drefféac
13%
3116 44 Erbray
13%
5746 53 Ernée
13%
9464 85 Essarts en Bocage
13%
8896 53 Évron
13%
1682 85 Falleron
13%
728 72 Fay
13%
3766 44 Fay-de-Bretagne
13%
2362 44 Fégréac
13%
483 44 Fercé
13%
13828 85 Fontenay-le-Comte
13%
3283 44 Frossay
13%
3736 44 Geneston
13%
3834 44 Gétigné
13%
5307 44 Gorges
13%
790 44 Grand-Auverné
13%
151 72 Grandchamp
13%
3185 72 Guécélard
13%
5322 44 Guémené-Penfao
13%
3433 44 Guenrouet
13%
7203 44 Herbignac
13%
6523 44 Héric
13%
4138 44 Indre
13%
1843 44 Issé
13%
2660 44 Joué-sur-Erdre
13%
2280 85 La Barre-de-Monts
13%
522 53 La Bazouge-de-Chemeré
13%
3246 44 La Bernerie-en-Retz
13%
119 53 La Boissière
13%
271 72 La Chapelle-aux-Choux
13%
4432 44 La Chapelle-des-Marais
13%
820 44 La Chapelle-Glain
13%
3464 44 La Chapelle-Heulin
13%
3237 44 La Chapelle-Launay
13%
2638 85 La Châtaigneraie
13%
1555 44 La Chevallerais
13%
6041 44 La Chevrolière
13%
9198 72 La Ferté-Bernard
13%
577 53 La Gravelle
13%
1769 44 La Grigonnais
13%
4807 44 La Haie-Fouassière
13%
2516 44 La Limouzinière
13%
1573 44 La Meilleraye-de-Bretagne
13%
6515 44 La Montagne
13%
1031 49 La Plaine
13%
4535 44 La Plaine-sur-Mer
13%
2815 44 La Planche
13%
1546 44 La Regrippière
13%
1261 44 La Roche-Blanche
13%
3040 85 La Tranche-sur-Mer
13%
4982 44 La Turballe
13%
789 44 Lavau-sur-Loire
13%
3999 44 Le Bignon
13%
4090 44 Le Cellier
13%
1874 44 Le Gâvre
13%
4742 44 Legé
13%
3415 44 Le Landreau
13%
8654 44 Le Loroux-Bottereau
13%
4173 72 Le Lude
13%
5469 44 Le Pellerin
13%
766 44 Le Pin
13%
8886 85 Le Poiré-sur-Vie
13%
4116 44 Le Pouliguen
13%
16801 85 Les Herbiers
13%
3654 85 Les Lucs-sur-Boulogne
13%
1827 44 Les Moutiers-en-Retz
13%
9010 44 Les Sorinières
13%
2573 44 Les Touches
13%
5480 44 Ligné
13%
2885 85 L'Île-d'Olonne
13%
7658 44 Loireauxence
13%
1542 72 Luché-Pringé
13%
9918 85 Luçon
13%
1078 44 Lusanger
13%
7917 49 Lys-Haut-Layon
13%
3066 44 Maisdon-sur-Sèvre
13%
3621 44 Malville
13%
1555 44 Marsac-sur-Don
13%
3283 49 Maulévrier
13%
3324 44 Mauves-sur-Loire
13%
1075 85 Mervent
13%
2134 44 Mesquer
13%
5502 44 Missillac
13%
2027 44 Moisdon-la-Rivière
13%
2377 44 Monnières
13%
21206 85 Montaigu-Vendée
13%
3292 44 Montbert
13%
7311 44 Montoir-de-Bretagne
13%
844 44 Montrelais
13%
845 85 Montreuil
13%
6199 85 Mortagne-sur-Sèvre
13%
372 44 Mouais
13%
1977 44 Mouzeil
13%
2928 44 Mouzillon
13%
2325 44 Notre-Dame-des-Landes
13%
597 44 Noyal-sur-Brutz
13%
4305 44 Nozay
13%
4003 44 Oudon
13%
1450 44 Pannecé
13%
1431 53 Parné-sur-Roc
13%
2036 44 Paulx
13%
3873 44 Petit-Mars
13%
1011 44 Pierric
13%
5370 44 Plessé
13%
11306 44 Pontchâteau
13%
6775 44 Pont-Saint-Martin
13%
3035 44 Port-Saint-Père
13%
658 85 Pouillé
13%
5764 85 Pouzauges
13%
1254 44 Préfailles
13%
3540 44 Prinquiau
13%
1167 44 Puceul
13%
1456 44 Quilly
13%
1986 44 Remouillé
13%
2416 44 Riaillé
13%
3530 85 Rocheservière
13%
3181 44 Rouans
13%
2196 44 Rougé
13%
713 44 Ruffigné
13%
4037 44 Saffré
13%
234 72 Saint-Aignan
13%
6987 44 Saint-André-des-Eaux
13%
1791 44 Saint-Aubin-des-Châteaux
13%
2664 85 Saint-Christophe-du-Ligneron
13%
3503 44 Saint-Colomban
13%
1575 53 Saint-Denis-d'Anjou
13%
445 53 Saint-Denis-du-Maine
13%
3017 44 Sainte-Anne-sur-Brivet
13%
3768 49 Sainte-Gemmes-sur-Loire
13%
232 53 Sainte-Marie-du-Bois
13%
7246 44 Sainte-Pazanne
13%
2442 44 Sainte-Reine-de-Bretagne
13%
1745 44 Saint-Étienne-de-Mer-Morte
13%
7758 44 Saint-Étienne-de-Montluc
13%
2168 85 Saint-Étienne-du-Bois
13%
3830 44 Saint-Gildas-des-Bois
13%
8170 85 Saint-Gilles-Croix-de-Vie
13%
2382 44 Saint-Hilaire-de-Chaléons
13%
2372 44 Saint-Hilaire-de-Clisson
13%
6085 44 Saint-Jean-de-Boiseau
13%
8954 85 Saint-Jean-de-Monts
13%
1697 53 Saint-Jean-sur-Mayenne
13%
4172 44 Saint-Joachim
13%
7614 44 Saint-Julien-de-Concelles
13%
979 44 Saint-Julien-de-Vouvantes
13%
2317 44 Saint-Lumine-de-Coutais
13%
5057 44 Saint-Lyphard
13%
3259 44 Saint-Malo-de-Guersac
13%
5320 44 Saint-Mars-du-Désert
13%
171 53 Saint-Mars-du-Désert
13%
2867 44 Saint-Molf
13%
1359 85 Saint-Paul-en-Pareds
13%
4742 44 Saint-Père-en-Retz
13%
2775 44 Saint-Viaud
13%
1553 44 Saint-Vincent-des-Landes
13%
324 53 Saulges
13%
8639 44 Sautron
13%
18478 49 Segré-en-Anjou Bleu
13%
611 72 Ségrie
13%
1677 44 Sévérac
13%
6672 85 Sèvremont
13%
1685 44 Sion-les-Mines
13%
2048 44 Soudan
13%
346 44 Soulvache
13%
7528 44 Sucé-sur-Erdre
13%
1834 44 Teillé
13%
478 72 Teillé
13%
10884 44 Thouaré-sur-Loire
13%
230 53 Trans
13%
950 44 Treffieux
13%
10308 44 Treillières
13%
1197 53 Vaiges
13%
4913 44 Vair-sur-Loire
13%
4987 49 Val d'Erdre-Auxence
13%
6607 44 Vallons-de-l'Erdre
13%
2079 44 Vay
13%
4114 44 Vieillevigne
13%
6421 44 Vigneux-de-Bretagne
13%
5100 44 Villeneuve-en-Retz
13%
699 44 Villepot
13%
912 85 Vouvant
13%
1653 44 Vue
13%
2096 44 Abbaretz
0%
1903 53 Ahuillé
0%
1724 72 Aigné
0%
204 72 Aillières-Beauvoir
0%
622 53 Alexain
0%
2693 53 Ambrières-les-Vallées
0%
588 72 Amné
0%
964 72 Ancinnes
0%
2381 53 Andouillé
0%
2941 85 Angles
0%
1072 85 Antigny
0%
464 49 Antoigné
0%
2114 72 Arçonnay
0%
511 72 Ardenay-sur-Mérize
0%
2905 53 Argentré
0%
324 49 Armaillé
0%
5647 72 Arnage
0%
1878 53 Aron
0%
684 53 Arquenay
0%
429 49 Artannes-sur-Thouet
0%
366 72 Arthezé
0%
388 72 Asnières-sur-Vègre
0%
478 53 Assé-le-Bérenger
0%
919 72 Assé-le-Boisne
0%
496 72 Assé-le-Riboul
0%
903 53 Astillé
0%
490 53 Athée
0%
2134 72 Aubigné-Racan
0%
372 49 Aubigné-sur-Layon
0%
7146 85 Aubigny-Les Clouzeaux
0%
1170 85 Auchay-sur-Vendée
0%
1520 72 Auvers-le-Hamon
0%
236 72 Auvers-sous-Montfaucon
0%
573 53 Averton
0%
86 72 Avesnes-en-Saosnois
0%
372 72 Avessé
0%
711 72 Avezé
0%
586 72 Avoise
0%
1234 53 Bais
0%
2290 72 Ballon-Saint Mars
0%
1337 53 Ballots
0%
121 53 Bannes
0%
614 49 Baracé
0%
1771 85 Barbâtre
0%
1509 85 Bazoges-en-Paillers
0%
1172 85 Bazoges-en-Pareds
0%
2022 72 Bazouges Cré sur Loir
0%
1523 72 Beaufay
0%
7242 49 Beaufort-en-Anjou
0%
1588 85 Beaufou
0%
2305 85 Beaulieu-sous-la-Roche
0%
1388 49 Beaulieu-sur-Layon
0%
544 53 Beaulieu-sur-Oudon
0%
489 72 Beaumont-Pied-de-Bœuf
0%
207 53 Beaumont-Pied-de-Bœuf
0%
330 72 Beaumont-sur-Dême
0%
2007 72 Beaumont-sur-Sarthe
0%
2495 85 Beaurepaire
0%
3950 85 Beauvoir-sur-Mer
0%
2874 49 Bécon-les-Granits
0%
2167 49 Bégrolles-en-Mauges
0%
132 49 Béhuard
0%
532 72 Beillé
0%
580 53 Belgeard
0%
5897 49 Bellevigne-en-Layon
0%
3550 49 Bellevigne-les-Châteaux
0%
4124 85 Benet
0%
345 72 Berfay
0%
909 72 Bernay-Neuvy-en-Champagne
0%
450 72 Bérus
0%
449 85 Bessay
0%
2115 72 Bessé-sur-Braye
0%
311 72 Béthon
0%
1285 53 Bierné-les-Villages
0%
1331 49 Blaison-Saint-Sulpice
0%
574 53 Blandouet-Saint Jean
0%
124 72 Blèves
0%
987 49 Blou
0%
548 72 Boëssé-le-Sec
0%
2132 85 Bois-de-Céné
0%
6381 53 Bonchamp-lès-Laval
0%
3806 72 Bonnétable
0%
601 53 Bouchamps-lès-Craon
0%
354 72 Bouër
0%
1083 53 Bouère
0%
752 53 Bouessay
0%
603 85 Bouillé-Courdault
0%
772 49 Bouillé-Ménard
0%
2190 85 Bouin
0%
143 53 Boulay-les-Ifs
0%
2141 72 Bouloire
0%
336 72 Bourg-le-Roi
0%
238 49 Bourg-l'Évêque
0%
640 53 Bourgon
0%
746 85 Bourneau
0%
3529 85 Bournezeau
0%
437 72 Bousse
0%
2921 44 Brains
0%
841 72 Brains-sur-Gée
0%
283 53 Brains-sur-les-Marches
0%
2082 49 Brain-sur-Allonnes
0%
853 53 Brecé
0%
575 53 Brée
0%
2903 85 Brem-sur-Mer
0%
5180 85 Bretignolles-sur-Mer
0%
2268 72 Brette-les-Pins
0%
3170 49 Briollay
0%
527 72 Briosne-lès-Sables
0%
352 49 Brossay
0%
1562 72 Brûlon
0%
2398 49 Cantenay-Épinard
0%
270 49 Carbay
0%
273 53 Carelles
0%
3413 72 Cérans-Foulletourte
0%
340 49 Cernusson
0%
308 85 Cezais
0%
681 72 Chahaignes
0%
1176 53 Chailland
0%
1908 85 Chaillé-les-Marais
0%
810 49 Challain-la-Potherie
0%
1226 72 Challes
0%
716 53 Châlons-du-Maine
0%
406 49 Chambellay
0%
1818 85 Champagné-les-Marais
0%
615 53 Champéon
0%
1356 72 Champfleur
0%
292 53 Champfrémont
0%
519 53 Champgenéteux
0%
73 72 Champrond
0%
702 49 Chanteloup-les-Bois
0%
848 72 Chantenay-Villedieu
0%
615 53 Chantrigné
0%
5603 85 Chanverrie
0%
464 53 Charchigné
0%
778 85 Chasnais
0%
256 72 Chassillé
0%
1540 85 Château-Guibert
0%
255 72 Château-l'Hermitage
0%
1138 85 Châteauneuf
0%
466 53 Châtelain
0%
998 53 Châtillon-sur-Colmont
0%
2520 85 Chauché
0%
949 49 Chaudefonds-sur-Layon
0%
1147 72 Chaufour-Notre-Dame
0%
3674 85 Chavagnes-en-Paillers
0%
846 85 Chavagnes-les-Redoux
0%
1080 49 Chazé-sur-Argos
0%
1003 49 Cheffes
0%
1023 85 Cheffois
0%
1419 53 Chemazé
0%
419 53 Chémeré-le-Roi
0%
220 72 Chemiré-en-Charnie
0%
1024 72 Chemiré-le-Gaudin
0%
249 72 Chenay
0%
348 49 Chenillé-Champteussé
0%
434 72 Chenu
0%
357 72 Chérancé
0%
150 53 Chérancé
0%
315 72 Chérisay
0%
2803 72 Cherré-Au
0%
158 53 Chevaigné-du-Maine
0%
378 72 Chevillé
0%
487 49 Cizay-la-Madeleine
0%
346 49 Cléré-sur-Layon
0%
1303 72 Clermont-Créans
0%
3377 85 Coëx
0%
185 72 Cogners
0%
507 53 Colombiers-du-Plessis
0%
3716 85 Commequiers
0%
1307 53 Commer
0%
142 72 Commerveil
0%
485 72 Conflans-sur-Anille
0%
340 72 Congé-sur-Orne
0%
910 53 Congrier
0%
1881 72 Conlie
0%
3011 72 Connerré
0%
879 53 Contest
0%
137 72 Contilly
0%
916 72 Cormes
0%
486 49 Cornillé-les-Caves
0%
1595 49 Coron
0%
1033 85 Corpe
0%
1940 49 Corzé
0%
286 53 Cosmes
0%
333 53 Cossé-en-Champagne
0%
3302 53 Cossé-le-Vivien
0%
878 53 Coudray
0%
636 72 Coudrecieux
0%
22971 44 Couëron
0%
386 53 Couesmes-Vaucé
0%
1725 72 Coulans-sur-Gée
0%
523 72 Coulongé
0%
136 53 Couptrain
0%
651 53 Courbeveille
0%
649 72 Courcebœufs
0%
413 72 Courcelles-la-Forêt
0%
688 72 Courcemont
0%
536 49 Courchamps
0%
856 53 Courcité
0%
95 72 Courcival
0%
617 72 Courdemanche
0%
593 72 Courgains
0%
491 72 Courgenard
0%
146 49 Courléon
0%
957 72 Courtillers
0%
352 72 Crannes-en-Champagne
0%
4611 53 Craon
0%
197 53 Crennes-sur-Fraubée
0%
556 72 Crissé
0%
1059 72 Crosmières
0%
3721 85 Cugand
0%
855 53 Cuillé
0%
494 72 Cures
0%
531 85 Curzon
0%
752 85 Damvix
0%
482 72 Dangeul
0%
518 53 Daon
0%
768 72 Degré
0%
274 72 Dehault
0%
169 53 Denazé
0%
472 49 Dénezé-sous-Doué
0%
462 53 Désertines
0%
943 72 Dissay-sous-Courcillon
0%
1802 49 Distré
0%
1773 85 Doix lès Fontaines
0%
1469 72 Dollon
0%
1062 72 Domfront-en-Champagne
0%
4511 85 Dompierre-sur-Yon
0%
248 72 Doucelles
0%
329 72 Douillet
0%
1082 72 Duneau
0%
69 72 Dureil
0%
3417 49 Durtal
0%
4828 72 Écommoy
0%
309 72 Écorpain
0%
4513 49 Écouflant
0%
680 49 Écuillé
0%
2291 53 Entrammes
0%
727 49 Épieds
0%
301 72 Épineu-le-Chevreuil
0%
5840 49 Erdre-en-Anjou
0%
1959 72 Étival-lès-le-Mans
0%
1565 49 Étriché
0%
873 72 Fatines
0%
201 85 Faymoreau
0%
2228 49 Feneu
0%
596 72 Fercé-sur-Sarthe
0%
1535 72 Fillé
0%
543 72 Flée
0%
436 53 Fontaine-Couverte
0%
321 72 Fontenay-sur-Vègre
0%
1538 49 Fontevraud-l'Abbaye
0%
1122 53 Forcé
0%
1250 85 Fougeré
0%
1181 53 Fougerolles-du-Plessis
0%
1205 85 Foussais-Payré
0%
2916 72 Fresnay-sur-Sarthe
0%
1989 85 Froidfond
0%
846 53 Fromentières
0%
1022 72 Fyé
0%
168 53 Gastines
0%
1366 53 Gennes-Longuefuye
0%
8647 49 Gennes-Val-de-Loire
0%
236 53 Gesnes
0%
937 72 Gesnes-le-Gandelin
0%
530 53 Gesvres
0%
2288 85 Givrand
0%
2596 53 Gorron
0%
6723 44 Grandchamp-des-Fontaines
0%
708 85 Grand'Landes
0%
638 53 Grazay
0%
334 72 Gréez-sur-Roc
0%
1009 53 Grez-en-Bouère
0%
1463 49 Grez-Neuville
0%
2264 85 Grosbreuil
0%
906 85 Grues
0%
627 53 Hambers
0%
195 53 Hardanges
0%
322 53 Hercé
0%
507 53 Houssay
0%
1340 49 Huillé-Lézigné
0%
466 53 Izé
0%
1427 44 Jans
0%
2701 85 Jard-sur-Mer
0%
2797 49 Jarzé Villages
0%
82 72 Jauzé
0%
1404 53 Javron-les-Chapelles
0%
624 72 Joué-en-Charnie
0%
1288 72 Joué-l'Abbé
0%
774 53 Jublains
0%
333 44 Juigné-des-Moutiers
0%
1162 72 Juigné-sur-Sarthe
0%
440 72 Juillé
0%
565 72 Jupilles
0%
826 49 Juvardeil
0%
1446 53 Juvigné
0%
1983 53 La Baconnière
0%
3711 72 La Bazoge
0%
1055 53 La Bazoge-Montpinçon
0%
569 53 La Bazouge-des-Alleux
0%
1911 85 La Bernardière
0%
495 53 La Bigottière
0%
2328 85 La Boissière-de-Montaigu
0%
1451 85 La Boissière-des-Landes
0%
1089 44 La Boissière-du-Doré
0%
146 72 La Bosse
0%
613 49 La Breille-les-Pins
0%
595 85 La Bretonnière-la-Claye
0%
249 72 La Bruère-sur-Loir
0%
4136 85 La Bruffière
0%
696 53 La Brûlatte
0%
1133 85 La Caillère-Saint-Hilaire
0%
1109 85 La Chaize-Giraud
0%
3897 85 La Chaize-le-Vicomte
0%
992 53 La Chapelle-Anthenaise
0%
514 53 La Chapelle-au-Riboul
0%
341 53 La Chapelle-Craonnaise
0%
1736 72 La Chapelle-d'Aligné
0%
851 72 La Chapelle-du-Bois
0%
972 85 La Chapelle-Hermier
0%
529 72 La Chapelle-Huon
0%
1019 85 La Chapelle-Palluau
0%
422 53 La Chapelle-Rainsouin
0%
2344 72 La Chapelle-Saint-Aubin
0%
430 72 La Chapelle-Saint-Fray
0%
793 49 La Chapelle-Saint-Laud
0%
1000 72 La Chapelle-Saint-Rémy
0%
398 85 La Chapelle-Thémer
0%
1383 72 La Chartre-sur-le-Loir
0%
1057 85 La Copechagnière
0%
228 85 La Couture
0%
648 53 La Croixille
0%
213 53 La Cropte
0%
279 53 La Dorée
0%
5520 85 La Ferrière
0%
607 72 La Fontaine-Saint-Martin
0%
5326 85 La Garnache
0%
3183 85 La Gaubretière
0%
2016 85 La Genétouze
0%
1367 85 La Guérinière
0%
1202 72 La Guierche
0%
477 53 La Haie-Traversaine
0%
2327 72 Laigné-en-Belin
0%
2789 85 L'Aiguillon-la-Presqu'île
0%
2091 85 L'Aiguillon-sur-Vie
0%
625 85 Lairoux
0%
348 49 La Jaille-Yvon
0%
612 85 La Jaudonnière
0%
471 85 La Jonchère
0%
124 49 La Lande-Chasles
0%
1628 44 La Marne
0%
1529 85 La Meilleraie-Tillay
0%
2082 49 La Ménitré
0%
1028 85 La Merlatière
0%
2671 72 La Milesse
0%
949 72 Lamnay
0%
2382 85 Landeronde
0%
1517 85 Landevieille
0%
1164 53 Landivy
0%
186 53 La Pallu
0%
308 53 La Pellerine
0%
131 49 La Pellerine
0%
2490 49 La Possonnière
0%
791 72 La Quinte
0%
1024 85 La Rabatelière
0%
1103 53 Larchamp
0%
1299 44 La Remaudière
0%
1128 85 La Réorthe
0%
1240 53 La Roche-Neuville
0%
253 53 La Roë
0%
2044 49 La Romagne
0%
320 53 La Rouaudière
0%
4328 49 La Séguinière
0%
935 53 La Selle-Craonnaise
0%
2296 53 Lassay-les-Châteaux
0%
4557 72 La Suze-sur-Sarthe
0%
556 85 La Taillée
0%
3269 49 La Tessoualle
0%
360 53 Laubrières
0%
385 53 Launay-Villiers
0%
716 72 Lavardin
0%
830 72 Lavaré
0%
598 72 Lavernat
0%
1241 72 Le Bailleul
0%
1284 85 Le Bernard
0%
324 53 Le Bignon-du-Maine
0%
3275 85 Le Boupère
0%
1765 53 Le Bourgneuf-la-Forêt
0%
1570 72 Le Breil-sur-Mérize
0%
309 53 Le Buret
0%
1874 85 Le Champ-Saint-Père
0%
988 49 Le Coudray-Macouard
0%
5025 85 Le Fenouiller
0%
2181 53 Le Genest-Saint-Isle
0%
1141 85 Le Girouard
0%
492 85 Le Givre
0%
1952 72 Le Grand-Lucé
0%
395 72 Le Grez
0%
543 85 Le Gué-de-Velluire
0%
386 53 Le Ham
0%
737 53 Le Horps
0%
231 53 Le Housseau-Brétignolles
0%
1031 85 Le Langon
0%
5278 49 Le Lion-d'Angers
0%
1458 72 Le Luart
0%
3918 49 Le May-sur-Èvre
0%
458 85 Le Mazeau
0%
3353 44 Le Pallet
0%
547 53 Le Pas
0%
2102 85 Le Perrier
0%
1683 85 L'Épine
0%
2645 49 Le Plessis-Grammoire
0%
1177 49 Le Puy-Notre-Dame
0%
478 53 Le Ribay
0%
5445 85 Les Achards
0%
112 72 Les Aulneaux
0%
196 53 Lesbois
0%
2626 49 Les Bois d'Anjou
0%
2927 85 Les Brouzils
0%
890 49 Les Cerqueux
0%
2997 85 Les Epesses
0%
4723 49 Les Garennes sur Loire
0%
8895 49 Les Hauts-d'Anjou
0%
2473 85 Les Landes-Genusson
0%
1523 85 Les Magnils-Reigniers
0%
101 72 Les Mées
0%
663 85 Les Pineaux
0%
1047 49 Les Rairies
0%
590 49 Les Ulmes
0%
1408 85 Les Velluire-sur-Vendée
0%
763 85 Le Tablier
0%
2051 44 Le Temple-de-Bretagne
0%
167 72 Le Tronchet
0%
294 53 Levaré
0%
3454 85 L'Herbergement
0%
936 85 L'Hermenault
0%
935 72 Lhomme
0%
4575 53 L'Huisserie
0%
288 85 Liez
0%
727 53 Lignières-Orgères
0%
497 72 Ligron
0%
1529 85 L'Île-d'Elle
0%
5008 85 L'Île-d'Yeu
0%
180 53 Livet
0%
70 72 Livet-en-Saosnois
0%
754 53 Livré-la-Touche
0%
406 85 Loge-Fougereuse
0%
16858 49 Loire-Authion
0%
2250 72 Loir en Vallée
0%
2792 53 Loiron-Ruillé
0%
1936 72 Lombron
0%
1384 85 Longèves
0%
2437 85 Longeville-sur-Mer
0%
324 72 Longnes
0%
6865 49 Longué-Jumelles
0%
6506 49 Longuenée-en-Anjou
0%
805 85 L'Orbrie
0%
725 72 Louailles
0%
2102 72 Loué
0%
997 44 Louisfert
0%
419 53 Loupfougères
0%
1483 72 Louplande
0%
909 49 Louresse-Rochemenier
0%
4481 53 Louverné
0%
1184 53 Louvigné
0%
176 72 Louvigny
0%
106 72 Louzes
0%
1261 72 Luceau
0%
101 72 Lucé-sous-Ballon
0%
296 53 Madré
0%
361 72 Maigné
0%
762 85 Maillé
0%
929 85 Maillezais
0%
191 72 Maisoncelles
0%
527 53 Maisoncelles-du-Maine
0%
1916 72 Malicorne-sur-Sarthe
0%
251 85 Mallièvre
0%
1570 72 Mansigné
0%
851 49 Marcé
0%
780 53 Marcillé-la-Ville
0%
1093 72 Marçon
0%
377 72 Mareil-en-Champagne
0%
665 72 Mareil-sur-Loir
0%
896 72 Maresché
0%
2910 85 Mareuil-sur-Lay-Dissais
0%
1630 72 Marigné-Laillé
0%
558 53 Marigné-Peuton
0%
123 85 Marillet
0%
2087 72 Marolles-les-Braults
0%
290 72 Marolles-lès-Saint-Calais
0%
156 72 Marollette
0%
486 85 Marsais-Sainte-Radégonde
0%
1938 53 Martigné-sur-Mayenne
0%
1195 85 Martinet
0%
694 44 Massérac
0%
18559 49 Mauges-sur-Loire
0%
3185 72 Mayet
0%
5952 49 Mazé-Milon
0%
1295 49 Mazières-en-Mauges
0%
238 53 Mée
0%
436 72 Melleray
0%
923 53 Ménil
0%
689 85 Menomblet
0%
1136 53 Méral
0%
2862 53 Meslay-du-Maine
0%
1565 85 Mesnard-la-Barotière
0%
269 72 Meurcé
0%
640 53 Mézangers
0%
1881 72 Mézeray
0%
691 72 Mézières-sous-Lavardin
0%
736 72 Mézières-sur-Ponthouin
0%
1009 49 Miré
0%
283 72 Moitron-sur-Sarthe
0%
3730 72 Moncé-en-Belin
0%
264 72 Moncé-en-Saosnois
0%
204 72 Monhoudou
0%
984 85 Monsireigne
0%
519 72 Montaillé
0%
924 53 Montaudin
0%
1845 72 Montbizot
0%
1370 53 Montenay
0%
259 53 Montflours
0%
2954 72 Montfort-le-Gesnois
0%
1392 53 Montigné-le-Brillant
0%
449 49 Montigné-lès-Rairies
0%
1240 49 Montilliers
0%
1049 53 Montjean
0%
383 72 Montmirail
0%
1680 85 Montournais
0%
3955 49 Montreuil-Bellay
0%
7942 49 Montreuil-Juigné
0%
305 72 Montreuil-le-Chétif
0%
306 72 Montreuil-le-Henri
0%
382 53 Montreuil-Poulay
0%
590 49 Montreuil-sur-Loir
0%
780 49 Montreuil-sur-Maine
0%
16038 49 Montrevault-sur-Èvre
0%
3850 85 Montréverd
0%
645 72 Mont-Saint-Jean
0%
429 49 Montsoreau
0%
3250 53 Montsûrs
0%
6120 72 Montval-sur-Loir
0%
3714 49 Morannes sur Sarthe-Daumeray
0%
415 85 Moreilles
0%
2966 85 Mouchamps
0%
5121 85 Mouilleron-le-Captif
0%
1876 85 Mouilleron-Saint-Germain
0%
1004 53 Moulay
0%
831 49 Mouliherne
0%
710 72 Moulins-le-Carbonnel
0%
2293 85 Moutiers-les-Mauxfaits
0%
794 85 Moutiers-sur-le-Lay
0%
1216 85 Mouzeuil-Saint-Martin
0%
2073 49 Mozé-sur-Louet
0%
5295 72 Mulsanne
0%
5760 49 Mûrs-Erigné
0%
2366 85 Nalliers
0%
11 72 Nauvay
0%
783 53 Neau
0%
3005 85 Nesmy
0%
1054 72 Neufchâtel-en-Saosnois
0%
999 49 Neuillé
0%
353 53 Neuilly-le-Vendin
0%
612 72 Neuvillalais
0%
2509 72 Neuville-sur-Sarthe
0%
296 72 Neuvillette-en-Charnie
0%
360 53 Niafles
0%
2561 85 Nieul-le-Dolent
0%
936 72 Nogent-le-Bernard
0%
374 72 Nogent-sur-Loir
0%
4588 85 Noirmoutier-en-l'Île
0%
2206 85 Notre-Dame-de-Monts
0%
2207 85 Notre-Dame-de-Riez
0%
687 72 Notre-Dame-du-Pé
0%
264 72 Nouans
0%
5646 49 Noyant-Villages
0%
2665 72 Noyen-sur-Sarthe
0%
1481 49 Nuaillé
0%
531 72 Nuillé-le-Jalais
0%
1246 53 Nuillé-sur-Vicoin
0%
1173 53 Oisseau
0%
677 72 Oisseau-le-Petit
0%
1353 72 Oizé
0%
421 53 Olivet
0%
9117 49 Ombrée d'Anjou
0%
16776 49 Orée d'Anjou
0%
410 53 Origné
0%
1123 85 Palluau
0%
39 72 Panon
0%
2135 72 Parcé-sur-Sarthe
0%
473 72 Parennes
0%
1088 72 Parigné-le-Pôlin
0%
5404 72 Parigné-l'Évêque
0%
860 53 Parigné-sur-Braye
0%
414 49 Parnay
0%
129 49 Passavant-sur-Layon
0%
634 85 Péault
0%
64 72 Peray
0%
430 44 Petit-Auverné
0%
699 85 Petosse
0%
241 53 Peuton
0%
364 72 Pezé-le-Robert
0%
380 72 Piacé
0%
198 72 Pincé
0%
508 72 Pirmil
0%
1199 85 Pissotte
0%
73 72 Pizieux
0%
357 53 Placé
0%
626 72 Poillé-sur-Vègre
0%
1204 85 Poiroux
0%
666 53 Pommerieux
0%
816 53 Pontmain
0%
1660 72 Pontvallain
0%
1823 53 Port-Brillet
0%
1107 44 Pouillé-les-Côteaux
0%
168 53 Préaux
0%
3001 72 Précigné
0%
1432 53 Prée-d'Anjou
0%
2379 53 Pré-en-Pail-Saint-Samson
0%
698 72 Préval
0%
209 72 Prévelles
0%
1362 72 Pruillé-le-Chétif
0%
841 72 Pruillé-l'Éguillé
0%
331 85 Puy-de-Serre
0%
659 85 Puyravault
0%
2192 53 Quelaines-Saint-Gault
0%
156 72 Rahay
0%
241 53 Ravigny
0%
877 85 Réaumur
0%
2580 53 Renazé
0%
394 72 René
0%
106 53 Rennes-en-Grenouilles
0%
1144 72 Requeil
0%
2143 85 Rives-d'Autise
0%
4410 85 Rives de l'Yon
0%
5731 49 Rives-du-Loir-en-Anjou
0%
2363 49 Rochefort-sur-Loire
0%
1003 85 Rochetrejoux
0%
2659 72 Roëzé-sur-Sarthe
0%
669 85 Rosnay
0%
270 72 Rouessé-Fontaine
0%
811 72 Rouessé-Vassé
0%
812 72 Rouez
0%
2613 72 Rouillon
0%
673 49 Rou-Marson
0%
286 72 Rouperroux-le-Coquet
0%
3600 72 Ruaudin
0%
309 72 Ruillé-en-Champagne
0%
576 53 Ruillé-Froid-Fonds
0%
519 53 Sacé
0%
363 53 Saint-Aignan-de-Couptrain
0%
4034 44 Saint-Aignan-Grandlieu
0%
926 53 Saint-Aignan-sur-Roë
0%
1932 85 Saint-André-Goule-d'Oie
0%
760 72 Saint-Aubin-de-Locquenay
0%
934 72 Saint-Aubin-des-Coudrais
0%
1387 85 Saint-Aubin-des-Ormeaux
0%
234 53 Saint-Aubin-du-Désert
0%
220 53 Saint-Aubin-Fosse-Louvain
0%
546 85 Saint-Aubin-la-Plaine
0%
1276 49 Saint-Augustin-des-Bois
0%
1124 85 Saint-Avaugourd-des-Landes
0%
9433 49 Saint-Barthélemy-d'Anjou
0%
1216 53 Saint-Baudelle
0%
506 85 Saint-Benoist-sur-Mer
0%
7640 53 Saint-Berthevin
0%
307 53 Saint-Berthevin-la-Tannière
0%
716 72 Saint-Biez-en-Belin
0%
539 53 Saint-Brice
0%
3346 72 Saint-Calais
0%
400 53 Saint-Calais-du-Désert
0%
196 72 Saint-Calez-en-Saosnois
0%
904 72 Saint-Célerin
0%
206 53 Saint-Charles-la-Forêt
0%
2934 49 Saint-Christophe-du-Bois
0%
234 72 Saint-Christophe-du-Jambet
0%
213 72 Saint-Christophe-en-Champagne
0%
2122 49 Saint-Clément-de-la-Place
0%
1112 49 Saint-Clément-des-Levées
0%
1541 72 Saint-Corneille
0%
1948 72 Saint-Cosme-en-Vairais
0%
547 85 Saint-Cyr-des-Gâts
0%
511 53 Saint-Cyr-en-Pail
0%
415 85 Saint-Cyr-en-Talmondais
0%
571 53 Saint-Cyr-le-Gravelais
0%
1461 53 Saint-Denis-de-Gastines
0%
114 72 Saint-Denis-des-Coudrais
0%
773 72 Saint-Denis-d'Orques
0%
400 85 Saint-Denis-du-Payré
0%
2432 85 Saint-Denis-la-Chevasse
0%
1701 85 Sainte-Cécile
0%
323 72 Sainte-Cérotte
0%
2514 85 Sainte-Flaive-des-Loups
0%
2470 85 Sainte-Foy
0%
2291 85 Sainte-Gemme-la-Plaine
0%
816 53 Sainte-Gemmes-le-Robert
0%
3008 85 Sainte-Hermine
0%
2044 72 Sainte-Jamme-sur-Sarthe
0%
499 53 Saint-Ellier-du-Maine
0%
296 85 Sainte-Pexine
0%
973 85 Sainte-Radégonde-des-Noyers
0%
167 53 Saint-Erblon
0%
757 72 Sainte-Sabine-sur-Longève
0%
1267 53 Sainte-Suzanne-et-Chammes
0%
643 85 Saint-Étienne-de-Brillouet
0%
1260 44 Saint-Fiacre-sur-Maine
0%
1012 53 Saint-Fraimbault-de-Prières
0%
3976 85 Saint-Fulgent
0%
1434 53 Saint-Georges-Buttavent
0%
154 72 Saint-Georges-de-la-Couée
0%
1735 85 Saint-Georges-de-Pointindoux
0%
2199 72 Saint-Georges-du-Bois
0%
452 72 Saint-Georges-du-Rosay
0%
388 53 Saint-Georges-le-Fléchard
0%
537 72 Saint-Georges-le-Gaultier
0%
405 53 Saint-Georges-sur-Erve
0%
373 53 Saint-Germain-d'Anxure
0%
343 72 Saint-Germain-d'Arcé
0%
337 53 Saint-Germain-de-Coulamer
0%
1626 85 Saint-Germain-de-Prinçay
0%
1422 49 Saint-Germain-des-Prés
0%
1217 53 Saint-Germain-le-Fouilloux
0%
526 53 Saint-Germain-le-Guillaume
0%
2732 85 Saint-Gervais
0%
396 72 Saint-Gervais-de-Vic
0%
2049 72 Saint-Gervais-en-Belin
0%
12382 85 Saint-Hilaire-de-Riez
0%
1963 85 Saint-Hilaire-des-Loges
0%
592 85 Saint-Hilaire-de-Voust
0%
848 53 Saint-Hilaire-du-Maine
0%
814 85 Saint-Hilaire-la-Forêt
0%
1118 85 Saint-Hilaire-le-Vouhis
0%
1859 72 Saint-Jean-d'Assé
0%
623 85 Saint-Jean-de-Beugné
0%
230 49 Saint-Jean-de-la-Croix
0%
993 72 Saint-Jean-de-la-Motte
0%
235 72 Saint-Jean-des-Échelles
0%
620 72 Saint-Jean-du-Bois
0%
441 85 Saint-Juire-Champgillon
0%
1951 85 Saint-Julien-des-Landes
0%
241 53 Saint-Julien-du-Terroux
0%
379 49 Saint-Just-sur-Dive
0%
2962 49 Saint-Lambert-la-Potherie
0%
399 85 Saint-Laurent-de-la-Salle
0%
4167 85 Saint-Laurent-sur-Sèvre
0%
315 53 Saint-Léger
0%
3814 49 Saint-Léger-de-Linières
0%
2032 44 Saint-Léger-les-Vignes
0%
3133 49 Saint-Léger-sous-Cholet
0%
489 72 Saint-Léonard-des-Bois
0%
509 72 Saint-Longis
0%
341 53 Saint-Loup-du-Dorat
0%
361 53 Saint-Loup-du-Gast
0%
2185 44 Saint-Lumine-de-Clisson
0%
454 49 Saint-Macaire-du-Bois
0%
767 72 Saint-Maixent
0%
1154 85 Saint-Maixent-sur-Vie
0%
1669 85 Saint-Malô-du-Bois
0%
550 72 Saint-Marceau
0%
2644 44 Saint-Mars-de-Coutais
0%
579 72 Saint-Mars-de-Locquenay
0%
2484 72 Saint-Mars-d'Outillé
0%
2726 72 Saint-Mars-la-Brière
0%
1029 85 Saint-Mars-la-Réorthe
0%
464 53 Saint-Mars-sur-Colmont
0%
528 53 Saint-Mars-sur-la-Futaie
0%
878 85 Saint-Martin-de-Fraigneau
0%
172 85 Saint-Martin-des-Fontaines
0%
174 72 Saint-Martin-des-Monts
0%
2551 85 Saint-Martin-des-Noyers
0%
1113 85 Saint-Martin-des-Tilleuls
0%
1704 49 Saint-Martin-du-Fouilloux
0%
440 53 Saint-Martin-du-Limet
0%
432 85 Saint-Martin-Lars-en-Sainte-Hermine
0%
2374 85 Saint-Mathurin
0%
647 85 Saint-Maurice-des-Noues
0%
618 85 Saint-Maurice-le-Girard
0%
2226 49 Saint-Melaine-sur-Aubance
0%
1793 85 Saint-Mesmin
0%
740 72 Saint-Michel-de-Chavaignes
0%
261 53 Saint-Michel-de-la-Roë
0%
2419 85 Saint-Michel-en-l'Herm
0%
1315 85 Saint-Michel-le-Cloucq
0%
957 72 Saint-Ouen-de-Mimbré
0%
1821 53 Saint-Ouën-des-Toits
0%
1347 72 Saint-Ouen-en-Belin
0%
243 72 Saint-Ouen-en-Champagne
0%
2353 72 Saint-Paterne - Le Chevain
0%
620 49 Saint-Paul-du-Bois
0%
290 72 Saint-Paul-le-Gaultier
0%
841 85 Saint-Paul-Mont-Penit
0%
1968 72 Saint-Pavace
0%
3605 85 Saint-Philbert-de-Bouaine
0%
1355 49 Saint-Philbert-du-Peuple
0%
350 72 Saint-Pierre-de-Chevillé
0%
235 72 Saint-Pierre-des-Bois
0%
946 53 Saint-Pierre-des-Landes
0%
1820 53 Saint-Pierre-des-Nids
0%
229 72 Saint-Pierre-des-Ormes
0%
1348 85 Saint-Pierre-du-Chemin
0%
386 72 Saint-Pierre-du-Lorouër
0%
2346 53 Saint-Pierre-la-Cour
0%
951 85 Saint-Pierre-le-Vieux
0%
143 53 Saint-Pierre-sur-Erve
0%
412 53 Saint-Poix
0%
1709 85 Saint-Prouant
0%
474 53 Saint-Quentin-les-Anges
0%
848 72 Saint-Rémy-de-Sillé
0%
705 72 Saint-Rémy-des-Monts
0%
515 72 Saint-Rémy-du-Val
0%
1503 85 Saint-Révérend
0%
2787 72 Saint-Saturnin
0%
523 53 Saint-Saturnin-du-Limet
0%
428 85 Saint-Sigismond
0%
398 49 Saint-Sigismond
0%
448 85 Saint-Sulpice-en-Pareds
0%
519 72 Saint-Symphorien
0%
173 53 Saint-Thomas-de-Courceriers
0%
225 72 Saint-Ulphace
0%
1951 85 Saint-Urbain
0%
546 85 Saint-Valérien
0%
459 72 Saint-Victeur
0%
517 72 Saint-Vincent-des-Prés
0%
849 72 Saint-Vincent-du-Lorouër
0%
759 85 Saint-Vincent-Sterlanges
0%
1579 85 Saint-Vincent-sur-Graon
0%
1345 85 Saint-Vincent-sur-Jard
0%
3304 85 Sallertaine
0%
214 72 Saosnes
0%
297 72 Sarcé
0%
3854 72 Sargé-lès-le-Mans
0%
848 49 Sarrigné
0%
1387 49 Savennières
0%
4141 72 Savigné-l'Évêque
0%
449 72 Savigné-sous-le-Lude
0%
1190 49 Sceaux-d'Anjou
0%
589 72 Sceaux-sur-Huisne
0%
2937 49 Seiches-sur-le-Loir
0%
449 72 Semur-en-Vallon
0%
352 53 Senonnes
0%
1030 85 Sérigné
0%
337 49 Sermaise
0%
26095 49 Sèvremoine
0%
928 85 Sigournais
0%
2280 72 Sillé-le-Guillaume
0%
1088 72 Sillé-le-Philippe
0%
398 53 Simplé
0%
1252 72 Solesmes
0%
889 49 Somloire
0%
171 53 Soucé
0%
867 72 Sougé-le-Ganelon
0%
795 72 Souillé
0%
1419 49 Soulaines-sur-Aubance
0%
1530 49 Soulaire-et-Bourg
0%
1124 53 Soulgé-sur-Ouette
0%
675 72 Souligné-Flacé
0%
1261 72 Souligné-sous-Ballon
0%
631 72 Soulitré
0%
4392 85 Soullans
0%
170 72 Souvigné-sur-Même
0%
632 72 Souvigné-sur-Sarthe
0%
747 49 Souzay-Champigny
0%
2913 72 Spay
0%
344 72 Surfonds
0%
461 85 Tallud-Sainte-Gemme
0%
8119 85 Talmont-Saint-Hilaire
0%
302 72 Tassé
0%
130 72 Tassillé
0%
3118 72 Teloché
0%
1067 72 Tennie
0%
4023 49 Terranjou
0%
140 72 Terrehault
0%
1358 85 Terval
0%
220 72 Théligny
0%
557 85 Thiré
0%
164 72 Thoigné
0%
111 72 Thoiré-sous-Contensor
0%
412 72 Thoiré-sur-Dinan
0%
747 72 Thorée-les-Pins
0%
1275 49 Thorigné-d'Anjou
0%
194 53 Thorigné-en-Charnie
0%
1650 72 Thorigné-sur-Dué
0%
1254 85 Thorigny
0%
787 85 Thouarsais-Bouildroux
0%
282 53 Thubœuf
0%
4542 49 Tiercé
0%
1619 85 Tiffauges
0%
1439 72 Torcé-en-Vallée
0%
782 53 Torcé-Viviers-en-Charnie
0%
1350 49 Toutlemonde
0%
1592 72 Trangé
0%
1112 44 Trans-sur-Erdre
0%
3362 85 Treize-Septiers
0%
1271 85 Treize-Vents
0%
3164 49 Trémentines
0%
499 72 Tresson
0%
1023 85 Triaize
0%
1780 49 Tuffalun
0%
1684 72 Tuffé Val de la Chéronne
0%
586 49 Turquant
0%
1419 72 Vaas
0%
1835 85 Vairé
0%
524 72 Val-d'Étangson
0%
3503 49 Val-du-Layon
0%
987 53 Val-du-Maine
0%
317 72 Valennes
0%
796 72 Vallon-sur-Gée
0%
313 72 Vancé
0%
1887 49 Varennes-sur-Loire
0%
1270 49 Varrains
0%
1143 49 Vaudelnay
0%
618 53 Vautorte
0%
4878 85 Venansault
0%
1825 85 Vendrennes
0%
2032 49 Vernantes
0%
633 72 Verneil-le-Chétif
0%
332 72 Vernie
0%
1300 49 Vernoil-le-Fourrier
0%
482 49 Verrie
0%
7836 49 Verrières-en-Anjou
0%
1761 49 Vezins
0%
77 72 Vezot
0%
2564 72 Vibraye
0%
117 53 Vieuvy
0%
151 72 Villaines-la-Carelle
0%
543 72 Villaines-la-Gonais
0%
2755 53 Villaines-la-Juhel
0%
713 72 Villaines-sous-Lucé
0%
1046 72 Villaines-sous-Malicorne
0%
1470 49 Villebernier
0%
2257 72 Villeneuve-en-Perseigne
0%
189 53 Villepail
0%
1105 53 Villiers-Charlemagne
0%
1133 53 Vimartin-sur-Orthe
0%
1454 72 Vion
0%
205 72 Viré-en-Champagne
0%
944 72 Vivoin
0%
2580 49 Vivy
0%
1849 85 Vix
0%
1383 72 Voivres-lès-le-Mans
0%
973 72 Volnay
0%
765 85 Vouillé-les-Marais
0%
946 53 Voutré
0%
136 72 Vouvray-sur-Huisne
0%
742 85 Xanton-Chassenon
0%
1783 72 Yvré-le-Pôlin
0%
4375 72 Yvré-l'Évêque
0%
1852 49 Yzernay
0%
Aucun quiz correspondant
Distribution des résultats
% des personnes avec chaque résultat
Percentile par nombre de réponses
Votre historique - résultats
Vous n’avez pas pris ce quiz